डळमळले भूमंडळ. (Record no. 278710)

MARC details
000 -LEADER
fixed length control field 00630nam a2200181Ia 4500
008 - FIXED-LENGTH DATA ELEMENTS--GENERAL INFORMATION
fixed length control field 090630s9999 xx 000 0 und d
082 ## - DEWEY DECIMAL CLASSIFICATION NUMBER
Item number 26854
100 ## - MAIN ENTRY--PERSONAL NAME
Personal name देऊळगावकर अतुल.
245 ## - TITLE STATEMENT
Title डळमळले भूमंडळ.
Statement of responsibility, etc देऊळगावकर अतुल.
260 ## - PUBLICATION, DISTRIBUTION, ETC. (IMPRINT)
Name of publisher, distributor, etc नवचैतन्य.
Date of publication, distribution, etc 2005
300 ## - PHYSICAL DESCRIPTION
Extent 188
600 ## - SUBJECT ADDED ENTRY--PERSONAL NAME
Personal name देऊळगावकर अतुल.
630 ## - SUBJECT ADDED ENTRY--UNIFORM TITLE
Uniform title डळमळले भूमंडळ.
655 ## - INDEX TERM--GENRE/FORM
Genre/form data or focus term इतर.
700 ## - ADDED ENTRY--PERSONAL NAME
Personal name देऊळगावकर अतुल.
730 ## - ADDED ENTRY--UNIFORM TITLE
Uniform title डळमळले भूमंडळ.
942 ## - ADDED ENTRY ELEMENTS (KOHA)
Koha item type Book
Holdings
Withdrawn status Lost status Damaged status Not for loan Home library Current library Date acquired Cost, normal purchase price Total Checkouts Full call number Barcode Date last seen Cost, replacement price Price effective from Koha item type
        Sarvajanik Wachanalaya Shrivardhan Sarvajanik Wachanalaya Shrivardhan   210.00   26854 SAWASHRI-26854 06/30/2009 210.00 06/30/2009 Book